LEADER 01594nam a2200397 a 4500 001 000000167969 003 CaOOAMICUS 005 20180604111404.0 008 180604s2017 it u000 u ita r 020 $a978-88-372-2973-3* 032 $aLibriCat 040 $aPUL$bita 041 1 $aita$hger 082 04$a103 100 1 $aEbner, Ferdinand,$d1882-1931.$0(OLS)http://pul/name/39056 240 14$aDie Wirklichkeit Christi.$lItaliano.$0(OLS)http://pul/title/208110 245 13$aLa realtą di Cristo /$cFerdinand Ebner ; a cura di Nunzio Bombaci ; prefazione di Silvano Zucal. 260 $aBrescia :$bMorcelliana,$c2017. 300 $a233 p. ;$c22 cm. 490 1 $aFilosofia. Testi e Studi ;$v84 504 $aBibliografia nelle note. 600 04$aIesus Christus.$0(OLS)http://pul/subject/207 700 1 $aBombaci, Nunzio.$0(OLS)http://pul/name/82073 700 1 $aZucal, Silvano.$0(OLS)http://pul/name/15105 830 0$aFilosofia (Morcelliana)$pTesti e Studi ;$v84.$0(OLS)http://pul/title/148210 850 $aPUL 852 $aPUL$W1$xSL Filosofia 3$y81$m103 COLL 12.1.84$j191657$qDDC 21$B195782$CPULBib$Z2$F195782 $H130901 $81 941 1 $a9 960 $aCristologia$9207 960 $aCristologia$9207 960 $aGesł Cristo$9207 996 $6020$a978-88-372-2973-3*$9(OLS)http://pul/number/164235 996 $6082$a103$9(OLS)http://pul/classification/621 996 $6245$aLa realtą di Cristo$9(OLS)http://pul/title/208111 996 $6260$aBrescia :$bMorcelliana$9(OLS)http://pul/publisher/47854 LEADER 01955nam a2200337 a 4500 001 000000164469 003 CaOOAMICUS 005 20171122094029.0 008 171122s1924 it u000 u ita r 032 $aLibriCat 040 $aPUL$bita 100 1 $aMirabelli, Giuseppe.$0(OLS)http://pul/name/29271 245 13$aIl comodato, il mutuo, la costituzione di rendita, il deposito e il sequestro, il pegno, il contratto vitalizio, l'anticresi, la fideiussione, il giuoco e la scommessa, la transazione /$cGiuseppe Mirabelli. 250 $aRist. ricomposta dalla 2. ed. messa al corrente con la pił recente dottrina e giurisprudenza dall'Avv. Raffaele Sabato. 260 $aNapoli :$bE. Marghieri ;$aTorino :$bUTET,$c1924. 300 $a760 p. ;$c24 cm. 490 1 $aIl diritto civile italiano secondo la dottrina e la giurisprudenza 500 $aSul frontespizio della serie: Parte dodicesima. Dei contratti speciali. 650 4$aContratti$xDiritto privato$zItalia.$0(OLS)http://pul/subject/40444 650 4$aTransazione (diritto civile).$0(OLS)http://pul/subject/33206 650 4$aDiritto civile$zItalia.$0(OLS)http://pul/subject/3770 700 1 $aSabato, Raffaele.$0(OLS)http://pul/name/105676 830 3$aIl diritto civile italiano secondo la dottrina e la giurisprudenza.$0(OLS)http://pul/title/204040 850 $aPUL 852 $aPUL$W1$xDP2 Diritto e Scienze Sociali 1$y65$m250 F 1.44$j188612$bRist. della 2. ed.$qStampati$B191778$CPULBib$Z2$F191778 $81 941 1 $a8 961 $aEx libris: U.mi Viri A. Borettini. 996 $6245$aIl comodato, il mutuo, la costituzione di rendita, il deposito e il sequestro, il pegno, il contratto vitalizio, l'anticresi, la fideiussione, il giuoco e la scommessa, la transazione$9(OLS)http://pul/title/204146 996 $6260$aNapoli :$bE. Marghieri$9(OLS)http://pul/publisher/53540 996 $6260$aTorino :$bUTET$9(OLS)http://pul/publisher/48088